000 00705nam a2200217 i 4500
001 29891
003 ES-MaACL
005 20251012205003.0
007 t|
008 030123s1969 sp |||| |bspa d
100 1 _aBaroja, Pío,
_d1872-1956
_925752
245 1 3 _aLa senda dolorosa
_b: novela /
_cPío Baroja.
260 _aBarcelona :
_bPlaneta,
_c1969.
300 _a230 p. ;
_c19 cm.
490 1 _aMemorias de un hombre de acción
600 1 7 _aAviraneta, Eugenio de,
_d1792-1872-
_vNovelas
_2
_9166814
651 4 _aEspaña-
_xHistoria-
_y1833-1876, Guerras carlistas-
_vNovelas.
_98255
830 0 _aMemorias de un hombre de acción
_9181293
852 _aES-MaACL
_jC-39949
999 _c29891
_d29891